Legal form of agricultural entities as a factor in ensuring the sustainability of the economic performance of agriculture

Vstup do trhového prostredia po roku 1990 znamenal pre slovenské poľnohospodárske podniky komplikované štruktúrne, ekonomické a sociálne zmeny. Článok hodnotí ekonomickú výkonnosť poľnohospodárskych podnikov na Slovensku v závislosti od ich právnej formy. Dokázalo sa, že právna forma alebo spôsob or...

Descrizione completa

Salvato in:
Dettagli Bibliografici
Autore principale: Adamišin, Peter
Altri autori: Kotulič, Rastislav, Kravčáková Vozárová, Ivana
Natura: Capitolo di libro
Lingua:inglese
Soggetti:
Tags: Aggiungi Tag
Nessun Tag, puoi essere il primo ad aggiungerne!!

MARC

LEADER 00000naa a2200000 4500
001 0229375
005 20220805075047.6
041 0 |a eng 
044 |a CZ 
245 1 0 |a Legal form of agricultural entities as a factor in ensuring the sustainability of the economic performance of agriculture  |c Peter Adamišin, Rastislav Kotulič, Ivana Kravčáková Vozárová 
520 |a Vstup do trhového prostredia po roku 1990 znamenal pre slovenské poľnohospodárske podniky komplikované štruktúrne, ekonomické a sociálne zmeny. Článok hodnotí ekonomickú výkonnosť poľnohospodárskych podnikov na Slovensku v závislosti od ich právnej formy. Dokázalo sa, že právna forma alebo spôsob organizácie a manažmentu procesov vo vnútri podnikov mal dopad na ekonomickú výkonnosť poľnohospodárskych subjektov. 
610 2 0 |a hospodárstvo trhové 
610 2 0 |a podnik poľnohospodársky 
610 2 0 |a formy podnikov 
610 2 0 |a výkonnosť ekonomiky 
610 2 0 |a Slovensko 
100 1 |a Adamišin, Peter 
700 1 |a Kotulič, Rastislav 
700 1 |a Kravčáková Vozárová, Ivana